Manažment cien ako kľúčová priorita podnikov

Identifikácia jednotlivých zložiek manažmentu cien v podnikoch pôsobiacich na Slovensku. Štyri piliere manažmentu cien – tvorba stratégie, stanovenie cien spolu s ich presadzovaním a nástroje cenového controllingu. Miera implementovania všetkých štyroch pilierov v podnikoch a zisťovanie, v ktorých p...

Celý popis

Uložené v:
Podrobná bibliografia
Hlavný autor: Remeňová, Katarína, 1982-
Médium: Kapitola
Jazyk:Slovak
Predmet:
Tagy: Pridať tag
Žiadne tagy, Buďte prvý, kto otaguje tento záznam!

MARC

LEADER 00000naa$a2200000$$$4500
001 0270513
005 20240502074235.4
041 0 |a slo 
044 |a SK 
245 1 0 |a Manažment cien ako kľúčová priorita podnikov  |c Katarína Remeňová 
520 |a Identifikácia jednotlivých zložiek manažmentu cien v podnikoch pôsobiacich na Slovensku. Štyri piliere manažmentu cien – tvorba stratégie, stanovenie cien spolu s ich presadzovaním a nástroje cenového controllingu. Miera implementovania všetkých štyroch pilierov v podnikoch a zisťovanie, v ktorých pilieroch vidia podniky svoju silu. Výskum pomocou dotazníka na vzorke 245 manažérov pôsobiacich v podnikoch na Slovensku s rôznou úrovňou vplyvu na cenotvorbu a manažment cien (nemá vplyv na cenu, definuje cenovú stratégiu a realizuje cenovú stratégiu). 
610 2 0 |a stratégia cenová 
610 2 0 |a politika cenová 
610 2 0 |a tvorba cien 
610 2 0 |a štruktúra cien 
610 2 0 |a úpravy cien 
610 2 0 |a kontroling 
610 2 0 |a manažment strategický 
610 2 0 |a dotazníky 
610 2 0 |a Slovensko 
100 1 |a Remeňová, Katarína, 1982-